[Event "ODJM A 2022"]
[Site "Willingen GER"]
[Date "2022.06.09"]
[Round "7"]
[White "Meiwes, Thore"]
[Black "Stelmaszyk, Nico"]
[Result "1/2-1/2"]
[Termination "normal"]
[Board "1"]
[BlackTitle "FM"]
[WhiteElo "2079"]
[BlackElo "2302"]
[WhiteClock "00:45:56"]
[BlackClock "00:32:08"]
[PlyCount "86"]
[WhiteFideId "16201256"]
[BlackFideId "16200462"]
[EventCountry "GER"]
[EventRounds "9"]
[EventType "swiss"]
[EventDate "2022.06.04"]

1. d4 {[%clk 1:30:56]} Nf6 {[%clk 1:30:54]} 2. Bf4 {[%clk 1:31:11]} d5 {[%clk
1:31:19]} 3. e3 {[%clk 1:31:34]} c5 {[%clk 1:31:45]} 4. c3 {[%clk 1:32:00]} Nc6
{[%clk 1:32:09]} 5. Nd2 {[%clk 1:32:23]} e6 {[%clk 1:32:35]} 6. Ngf3 {[%clk
1:32:46]} Bd6 {[%clk 1:32:55]} 7. Bg3 {[%clk 1:33:08]} O-O {[%clk 1:33:18]} 8.
Bd3 {[%clk 1:33:26]} b6 {[%clk 1:33:38]} 9. e4 {[%clk 1:32:11]} Be7 {[%clk
1:32:46]} 10. e5 {[%clk 1:32:33]} Nh5 {[%clk 1:33:10]} 11. Ng5 {[%clk 1:32:53]}
Bxg5 {[%clk 1:33:33]} 12. Qxh5 {[%clk 1:33:13]} g6 {[%clk 1:34:00]} 13. Qe2
{[%clk 1:33:31]} cxd4 {[%clk 1:34:22]} 14. h4 {[%clk 1:33:53]} Bh6 {[%clk
1:34:46]} 15. h5 {[%clk 1:34:14]} dxc3 {[%clk 1:34:03]} 16. bxc3 {[%clk
1:34:19]} g5 {[%clk 1:25:51]} 17. Nf3 {[%clk 1:23:43]} f5 {[%clk 1:24:40]} 18.
exf6 {[%clk 1:22:08]} Qxf6 {[%clk 1:21:11]} 19. O-O {[%clk 1:19:41]} Bg7 {[%clk
1:14:15]} 20. Rfe1 {[%clk 1:18:48]} Bd7 {[%clk 1:12:22]} 21. Rad1 {[%clk
1:14:55]} h6 {[%clk 1:06:37]} 22. c4 {[%clk 1:13:44]} Be8 {[%clk 0:51:28]} 23.
Bc2 {[%clk 0:57:23]} Bxh5 {[%clk 0:47:20]} 24. Qd3 {[%clk 0:53:57]} Bxf3 {[%clk
0:44:55]} 25. gxf3 {[%clk 0:54:15]} Qf5 {[%clk 0:44:13]} 26. Rxe6 {[%clk
0:53:57]} Qxd3 {[%clk 0:42:33]} 27. Bxd3 {[%clk 0:54:21]} Nd4 {[%clk 0:41:38]}
28. Re7 {[%clk 0:51:00]} Rf7 {[%clk 0:38:58]} 29. Rxf7 {[%clk 0:51:00]} Kxf7
{[%clk 0:39:22]} 30. cxd5 {[%clk 0:49:17]} Be5 {[%clk 0:37:12]} 31. Be4 {[%clk
0:48:36]} Ne2+ {[%clk 0:35:04]} 32. Kg2 {[%clk 0:48:54]} Nxg3 {[%clk 0:35:14]}
33. fxg3 {[%clk 0:49:20]} Bd6 {[%clk 0:34:31]} 34. Rh1 {[%clk 0:48:47]} Rh8
{[%clk 0:34:10]} 35. f4 {[%clk 0:48:27]} gxf4 {[%clk 0:33:38]} 36. gxf4 {[%clk
0:48:48]} Kf6 {[%clk 0:33:59]} 37. Kf3 {[%clk 0:49:06]} h5 {[%clk 0:33:37]} 38.
Rh4 {[%clk 0:47:59]} b5 {[%clk 0:33:19]} 39. Bd3 {[%clk 0:47:36]} b4 {[%clk
0:33:37]} 40. Bc2 {[%clk 0:46:46]} a5 {[%clk 0:33:19]} 41. Bd1 {[%clk 0:47:03]}
Kg6 {[%clk 0:31:35]} 42. Bc2+ {[%clk 0:45:41]} Kf6 {[%clk 0:31:57]} 43. Bd1
{[%clk 0:45:56]} Kg6 {[%clk 0:32:08]} 1/2-1/2

[Event "ODJM A 2022"]
[Site "Willingen GER"]
[Date "2022.06.09"]
[Round "7"]
[White "Gerlach, Felix"]
[Black "Schimnatkowski, Lukas"]
[Result "1/2-1/2"]
[Termination "normal"]
[Board "3"]
[WhiteElo "2072"]
[BlackElo "2206"]
[WhiteClock "00:01:03"]
[BlackClock "00:01:47"]
[PlyCount "68"]
[WhiteFideId "12957690"]
[BlackFideId "12936723"]
[EventCountry "GER"]
[EventRounds "9"]
[EventType "swiss"]
[EventDate "2022.06.04"]

1. c4 {[%clk 1:30:57]} c5 {[%clk 1:30:49]} 2. g3 {[%clk 1:31:23]} Nf6 {[%clk
1:31:06]} 3. Bg2 {[%clk 1:31:47]} d5 {[%clk 1:31:31]} 4. cxd5 {[%clk 1:32:13]}
Nxd5 {[%clk 1:31:57]} 5. Nc3 {[%clk 1:32:37]} Nc7 {[%clk 1:32:22]} 6. Nf3
{[%clk 1:33:03]} Nc6 {[%clk 1:32:48]} 7. a3 {[%clk 1:33:27]} e5 {[%clk
1:32:11]} 8. b4 {[%clk 1:33:22]} f6 {[%clk 1:32:23]} 9. b5 {[%clk 1:33:43]} Nd4
{[%clk 1:32:38]} 10. Rb1 {[%clk 1:34:05]} Be7 {[%clk 1:22:29]} 11. e3 {[%clk
1:33:44]} Nxf3+ {[%clk 1:15:48]} 12. Qxf3 {[%clk 1:33:16]} O-O {[%clk 1:04:58]}
13. O-O {[%clk 1:33:40]} b6 {[%clk 0:58:13]} 14. d4 {[%clk 1:25:36]} Rb8 {[%clk
0:48:12]} 15. dxe5 {[%clk 0:49:32]} fxe5 {[%clk 0:46:25]} 16. Qh5 {[%clk
0:40:15]} Bf5 {[%clk 0:40:12]} 17. Be4 {[%clk 0:26:49]} Bxe4 {[%clk 0:27:44]}
18. Nxe4 {[%clk 0:27:15]} Qd3 {[%clk 0:26:45]} 19. Nd2 {[%clk 0:25:02]} Bf6
{[%clk 0:19:52]} 20. Qg4 {[%clk 0:20:56]} Nxb5 {[%clk 0:16:04]} 21. Rb3 {[%clk
0:19:54]} Nc3 {[%clk 0:16:16]} 22. Kg2 {[%clk 0:14:30]} e4 {[%clk 0:14:51]} 23.
Qe6+ {[%clk 0:02:25]} Kh8 {[%clk 0:15:03]} 24. Nb1 {[%clk 0:02:49]} Qd5 {[%clk
0:10:41]} 25. Qxd5 {[%clk 0:03:05]} Nxd5 {[%clk 0:11:07]} 26. Nd2 {[%clk
0:03:27]} Rfe8 {[%clk 0:10:45]} 27. a4 {[%clk 0:03:10]} Rbd8 {[%clk 0:09:08]}
28. a5 {[%clk 0:01:33]} Nb4 {[%clk 0:07:50]} 29. axb6 {[%clk 0:01:32]} axb6
{[%clk 0:08:15]} 30. Nc4 {[%clk 0:01:41]} Re6 {[%clk 0:05:30]} 31. Ba3 {[%clk
0:01:44]} b5 {[%clk 0:05:42]} 32. Na5 {[%clk 0:00:56]} Ra8 {[%clk 0:02:19]} 33.
Nb7 {[%clk 0:01:01]} Be7 {[%clk 0:02:30]} 34. Nxc5 {[%clk 0:01:03]} Bxc5 {[%clk
0:01:47]} 1/2-1/2

[Event "ODJM A 2022"]
[Site "Willingen GER"]
[Date "2022.06.09"]
[Round "7"]
[White "Terhuven, Patrick"]
[Black "Gallasch, Jonas"]
[Result "1/2-1/2"]
[Termination "normal"]
[Board "4"]
[WhiteElo "2175"]
[BlackElo "2060"]
[WhiteClock "00:23:19"]
[BlackClock "00:14:26"]
[PlyCount "94"]
[WhiteFideId "12919098"]
[BlackFideId "16222474"]
[EventCountry "GER"]
[EventRounds "9"]
[EventType "swiss"]
[EventDate "2022.06.04"]

1. Nf3 {[%clk 1:30:57]} Nf6 {[%clk 1:30:00]} 2. g3 {[%clk 1:31:13]} g6 {[%clk
1:30:23]} 3. b3 {[%clk 1:31:39]} Bg7 {[%clk 1:30:42]} 4. Bb2 {[%clk 1:32:05]}
c5 {[%clk 1:29:10]} 5. c4 {[%clk 1:32:25]} b6 {[%clk 1:29:08]} 6. Bg2 {[%clk
1:32:00]} Bb7 {[%clk 1:29:31]} 7. O-O {[%clk 1:31:55]} O-O {[%clk 1:29:45]} 8.
d4 {[%clk 1:28:30]} cxd4 {[%clk 1:28:17]} 9. Qxd4 {[%clk 1:27:49]} d6 {[%clk
1:21:54]} 10. Rd1 {[%clk 1:25:13]} Nbd7 {[%clk 1:20:30]} 11. Qf4 {[%clk
1:08:50]} Qc7 {[%clk 1:17:41]} 12. Nc3 {[%clk 1:05:27]} Bc6 {[%clk 1:14:03]}
13. Rac1 {[%clk 1:00:11]} Qb7 {[%clk 1:12:26]} 14. Nb5 {[%clk 0:42:58]} a6
{[%clk 1:04:07]} 15. Nc3 {[%clk 0:41:20]} Rac8 {[%clk 0:57:14]} 16. Qd2 {[%clk
0:37:49]} Ne5 {[%clk 0:49:57]} 17. Ne1 {[%clk 0:29:53]} Bxg2 {[%clk 0:45:32]}
18. Nxg2 {[%clk 0:30:17]} b5 {[%clk 0:41:55]} 19. cxb5 {[%clk 0:28:37]} axb5
{[%clk 0:42:09]} 20. Ne3 {[%clk 0:28:25]} Rfd8 {[%clk 0:33:11]} 21. Ncd5 {[%clk
0:16:22]} Nxd5 {[%clk 0:22:12]} 22. Nxd5 {[%clk 0:14:07]} e6 {[%clk 0:12:15]}
23. Ne3 {[%clk 0:13:04]} Rxc1 {[%clk 0:10:47]} 24. Rxc1 {[%clk 0:13:16]} d5
{[%clk 0:08:06]} 25. f4 {[%clk 0:07:56]} d4 {[%clk 0:04:58]} 26. Nd1 {[%clk
0:03:28]} Nc6 {[%clk 0:04:51]} 27. a3 {[%clk 0:03:31]} Ne7 {[%clk 0:03:52]} 28.
Nf2 {[%clk 0:03:42]} Nf5 {[%clk 0:03:51]} 29. Qd3 {[%clk 0:03:34]} Ne3 {[%clk
0:00:41]} 30. Qe4 {[%clk 0:04:02]} Qxe4 {[%clk 0:00:37]} 31. Nxe4 {[%clk
0:04:30]} Nd5 {[%clk 0:00:57]} 32. Kf2 {[%clk 0:04:05]} Rb8 {[%clk 0:00:44]}
33. b4 {[%clk 0:00:49]} Nb6 {[%clk 0:00:38]} 34. Rd1 {[%clk 0:00:34]} Rd8
{[%clk 0:00:57]} 35. Rd3 {[%clk 0:00:41]} Nc4 {[%clk 0:00:58]} 36. Bc1 {[%clk
0:01:09]} h6 {[%clk 0:00:51]} 37. Kf3 {[%clk 0:00:58]} f5 {[%clk 0:00:34]} 38.
Nc5 {[%clk 0:00:53]} Kf7 {[%clk 0:00:53]} 39. Kf2 {[%clk 0:00:55]} e5 {[%clk
0:01:03]} 40. fxe5 {[%clk 0:00:51]} Nxe5 {[%clk 0:01:11]} 41. Rd1 {[%clk
0:00:53]} Re8 {[%clk 0:26:39]} 42. h3 {[%clk 0:29:20]} Nc4 {[%clk 0:25:00]} 43.
Rd3 {[%clk 0:27:07]} h5 {[%clk 0:22:37]} 44. a4 {[%clk 0:24:19]} bxa4 {[%clk
0:22:28]} 45. Nxa4 {[%clk 0:24:00]} Ra8 {[%clk 0:19:04]} 46. Nc5 {[%clk
0:23:44]} Ra1 {[%clk 0:17:04]} 47. Bf4 {[%clk 0:23:19]} Rb1 {[%clk 0:14:26]}
1/2-1/2

[Event "ODJM A 2022"]
[Site "Willingen GER"]
[Date "2022.06.09"]
[Round "7"]
[White "Brinkmann, Fabian"]
[Black "Schmitt, Daniel"]
[Result "1-0"]
[Termination "normal"]
[Board "5"]
[WhiteElo "2126"]
[BlackElo "2128"]
[WhiteClock "00:06:05"]
[BlackClock "00:05:52"]
[PlyCount "149"]
[WhiteFideId "24661414"]
[BlackFideId "16279018"]
[EventCountry "GER"]
[EventRounds "9"]
[EventType "swiss"]
[EventDate "2022.06.04"]

1. Nf3 {[%clk 1:30:50]} d5 {[%clk 1:30:43]} 2. c4 {[%clk 1:31:02]} e6 {[%clk
1:30:47]} 3. e3 {[%clk 1:31:07]} Nf6 {[%clk 1:30:54]} 4. b3 {[%clk 1:31:16]} c6
{[%clk 1:29:17]} 5. Bb2 {[%clk 1:31:12]} Bd6 {[%clk 1:28:31]} 6. Be2 {[%clk
1:27:27]} Nbd7 {[%clk 1:28:12]} 7. O-O {[%clk 1:26:34]} e5 {[%clk 1:27:30]} 8.
d3 {[%clk 1:25:58]} O-O {[%clk 1:27:21]} 9. Nbd2 {[%clk 1:24:17]} Re8 {[%clk
1:25:25]} 10. cxd5 {[%clk 1:22:01]} cxd5 {[%clk 1:24:45]} 11. Qc2 {[%clk
1:18:52]} Nf8 {[%clk 1:18:51]} 12. d4 {[%clk 1:15:25]} e4 {[%clk 1:17:34]} 13.
Ne5 {[%clk 1:15:50]} Ng6 {[%clk 1:17:06]} 14. f4 {[%clk 1:14:53]} exf3 {[%clk
1:06:34]} 15. Ndxf3 {[%clk 1:15:06]} Qc7 {[%clk 0:55:26]} 16. Qd3 {[%clk
0:59:01]} Ne4 {[%clk 0:47:03]} 17. Qb5 {[%clk 0:49:54]} Be6 {[%clk 0:45:17]}
18. Rac1 {[%clk 0:46:02]} Qe7 {[%clk 0:38:45]} 19. Qa5 {[%clk 0:42:06]} Nxe5
{[%clk 0:27:45]} 20. dxe5 {[%clk 0:42:02]} Bb4 {[%clk 0:25:03]} 21. Qc7 {[%clk
0:38:16]} Rec8 {[%clk 0:18:52]} 22. Qxe7 {[%clk 0:36:54]} Bxe7 {[%clk 0:19:17]}
23. Bd3 {[%clk 0:32:19]} h6 {[%clk 0:17:57]} 24. Rfd1 {[%clk 0:27:32]} a6
{[%clk 0:14:27]} 25. Kf1 {[%clk 0:24:31]} Bg4 {[%clk 0:12:53]} 26. Be2 {[%clk
0:15:13]} Be6 {[%clk 0:12:18]} 27. Bd3 {[%clk 0:14:48]} Bg4 {[%clk 0:06:36]}
28. Bb1 {[%clk 0:12:59]} Be6 {[%clk 0:05:41]} 29. Bxe4 {[%clk 0:09:14]} dxe4
{[%clk 0:06:05]} 30. Nd4 {[%clk 0:09:39]} Bg4 {[%clk 0:05:12]} 31. Rxc8+ {[%clk
0:08:58]} Rxc8 {[%clk 0:05:30]} 32. Rc1 {[%clk 0:08:58]} Rxc1+ {[%clk 0:05:18]}
33. Bxc1 {[%clk 0:09:26]} Bb4 {[%clk 0:04:35]} 34. Bb2 {[%clk 0:09:33]} Kf8
{[%clk 0:04:47]} 35. Kf2 {[%clk 0:09:10]} Bd7 {[%clk 0:04:22]} 36. h3 {[%clk
0:04:50]} Ke8 {[%clk 0:02:57]} 37. Nc2 {[%clk 0:04:35]} Be7 {[%clk 0:02:12]}
38. e6 {[%clk 0:03:12]} Bxe6 {[%clk 0:02:38]} 39. Bxg7 {[%clk 0:03:35]} h5
{[%clk 0:02:16]} 40. Bd4 {[%clk 0:03:16]} h4 {[%clk 0:00:45]} 41. Be5 {[%clk
0:01:05]} b5 {[%clk 0:24:15]} 42. Bc7 {[%clk 0:18:12]} Kd7 {[%clk 0:21:09]} 43.
Ba5 {[%clk 0:18:40]} Bc5 {[%clk 0:19:38]} 44. Nb4 {[%clk 0:17:47]} Bxb4 {[%clk
0:17:54]} 45. Bxb4 {[%clk 0:18:08]} Bf5 {[%clk 0:13:58]} 46. Ke2 {[%clk
0:18:04]} Bg6 {[%clk 0:11:43]} 47. Be1 {[%clk 0:18:13]} Ke6 {[%clk 0:11:16]}
48. Bxh4 {[%clk 0:18:36]} f5 {[%clk 0:11:04]} 49. Kd2 {[%clk 0:17:27]} Bh5
{[%clk 0:09:39]} 50. Bd8 {[%clk 0:16:25]} Kd7 {[%clk 0:08:06]} 51. Ba5 {[%clk
0:16:00]} Ke6 {[%clk 0:08:07]} 52. g3 {[%clk 0:12:33]} Kd5 {[%clk 0:07:36]} 53.
Bd8 {[%clk 0:12:03]} Be8 {[%clk 0:03:46]} 54. Kc3 {[%clk 0:06:06]} Bd7 {[%clk
0:03:46]} 55. Kb4 {[%clk 0:06:06]} Ke6 {[%clk 0:03:14]} 56. Kc5 {[%clk
0:06:26]} Kf7 {[%clk 0:03:22]} 57. Kb6 {[%clk 0:05:35]} Bc8 {[%clk 0:03:40]}
58. Kc7 {[%clk 0:05:53]} Be6 {[%clk 0:03:59]} 59. Kb7 {[%clk 0:06:10]} Ke8
{[%clk 0:02:54]} 60. Bb6 {[%clk 0:05:30]} Kd7 {[%clk 0:03:07]} 61. Kxa6 {[%clk
0:05:49]} Kc6 {[%clk 0:03:32]} 62. Ka5 {[%clk 0:05:58]} Bf7 {[%clk 0:03:45]}
63. Bd4 {[%clk 0:06:14]} Bh5 {[%clk 0:04:04]} 64. Kb4 {[%clk 0:06:06]} Be2
{[%clk 0:03:55]} 65. Bf6 {[%clk 0:04:01]} Bf1 {[%clk 0:04:14]} 66. h4 {[%clk
0:04:23]} Be2 {[%clk 0:04:39]} 67. Kc3 {[%clk 0:04:06]} Kd5 {[%clk 0:04:35]}
68. Be7 {[%clk 0:04:12]} Bd1 {[%clk 0:04:54]} 69. a3 {[%clk 0:04:05]} Be2
{[%clk 0:05:02]} 70. a4 {[%clk 0:04:29]} bxa4 {[%clk 0:05:02]} 71. bxa4 {[%clk
0:04:57]} Ke6 {[%clk 0:04:56]} 72. Bf8 {[%clk 0:05:14]} Kd5 {[%clk 0:05:21]}
73. a5 {[%clk 0:05:24]} Ba6 {[%clk 0:05:26]} 74. h5 {[%clk 0:05:47]} Ke6 {[%clk
0:05:52]} 75. h6 {[%clk 0:06:05]} 1-0

[Event "ODJM A 2022"]
[Site "Willingen GER"]
[Date "2022.06.09"]
[Round "7"]
[White "Kardoeus, David"]
[Black "Struck, Lasse"]
[Result "1-0"]
[Termination "normal"]
[Board "6"]
[WhiteElo "2142"]
[BlackElo "1847"]
[WhiteClock "00:03:02"]
[BlackClock "00:01:49"]
[PlyCount "55"]
[WhiteFideId "12912050"]
[BlackFideId "16255623"]
[EventCountry "GER"]
[EventRounds "9"]
[EventType "swiss"]
[EventDate "2022.06.04"]

1. d4 {[%clk 1:30:56]} Nf6 {[%clk 1:30:53]} 2. c4 {[%clk 1:31:08]} e6 {[%clk
1:31:11]} 3. g4 {[%clk 1:31:01]} Bb4+ {[%clk 1:25:40]} 4. Bd2 {[%clk 1:28:37]}
Qe7 {[%clk 1:22:14]} 5. a3 {[%clk 1:25:30]} Bxd2+ {[%clk 1:22:28]} 6. Nxd2
{[%clk 1:25:18]} d6 {[%clk 1:16:33]} 7. g5 {[%clk 1:17:29]} Nfd7 {[%clk
1:16:42]} 8. Ngf3 {[%clk 1:13:44]} e5 {[%clk 1:14:07]} 9. Qc2 {[%clk 1:03:38]}
Nc6 {[%clk 1:10:01]} 10. d5 {[%clk 1:02:49]} Nd4 {[%clk 1:08:09]} 11. Nxd4
{[%clk 1:02:52]} exd4 {[%clk 1:08:32]} 12. Nf3 {[%clk 0:47:12]} Ne5 {[%clk
0:59:16]} 13. Nxd4 {[%clk 0:46:44]} Qxg5 {[%clk 0:58:15]} 14. e3 {[%clk
0:43:26]} Bg4 {[%clk 0:49:00]} 15. Rg1 {[%clk 0:39:00]} Qf6 {[%clk 0:40:13]}
16. f4 {[%clk 0:22:34]} Nf3+ {[%clk 0:38:19]} 17. Nxf3 {[%clk 0:22:57]} Bxf3
{[%clk 0:38:45]} 18. Rg3 {[%clk 0:21:57]} Bh5 {[%clk 0:36:49]} 19. Bd3 {[%clk
0:11:13]} O-O-O {[%clk 0:32:13]} 20. Qg2 {[%clk 0:11:22]} Kb8 {[%clk 0:29:05]}
21. Qc2 {[%clk 0:03:48]} Rhe8 {[%clk 0:28:10]} 22. Kd2 {[%clk 0:03:54]} Re7
{[%clk 0:18:25]} 23. Qc3 {[%clk 0:04:18]} Qh4 {[%clk 0:16:26]} 24. Rag1 {[%clk
0:03:04]} Rde8 {[%clk 0:15:17]} 25. R1g2 {[%clk 0:02:53]} f6 {[%clk 0:10:49]}
26. Bf5 {[%clk 0:02:52]} Bg6 {[%clk 0:02:04]} 27. Rh3 {[%clk 0:02:57]} Rxe3
{[%clk 0:01:49]} 28. Qxe3 {[%clk 0:03:02]} 1-0

[Event "ODJM A 2022"]
[Site "Willingen GER"]
[Date "2022.06.09"]
[Round "7"]
[White "Nied, Pascal"]
[Black "Garbuz, Vitaly"]
[Result "1-0"]
[Termination "normal"]
[Board "7"]
[WhiteElo "2030"]
[BlackElo "2134"]
[WhiteClock "00:15:27"]
[BlackClock "00:18:21"]
[PlyCount "65"]
[WhiteFideId "16260597"]
[BlackFideId "12990710"]
[EventCountry "GER"]
[EventRounds "9"]
[EventType "swiss"]
[EventDate "2022.06.04"]

1. e4 {[%clk 1:30:58]} c5 {[%clk 1:30:47]} 2. Nf3 {[%clk 1:31:23]} Nc6 {[%clk
1:31:11]} 3. d4 {[%clk 1:31:50]} cxd4 {[%clk 1:31:36]} 4. Nxd4 {[%clk 1:32:17]}
g6 {[%clk 1:31:59]} 5. c4 {[%clk 1:32:40]} Bg7 {[%clk 1:32:25]} 6. Be3 {[%clk
1:33:04]} Qb6 {[%clk 1:32:51]} 7. Nb3 {[%clk 1:32:16]} Qc7 {[%clk 1:33:15]} 8.
Qd2 {[%clk 1:31:16]} Nf6 {[%clk 1:33:38]} 9. Nc3 {[%clk 1:30:59]} d6 {[%clk
1:33:54]} 10. Be2 {[%clk 1:30:31]} O-O {[%clk 1:34:05]} 11. O-O {[%clk
1:29:52]} b6 {[%clk 1:29:58]} 12. Rac1 {[%clk 1:14:20]} Bb7 {[%clk 1:30:11]}
13. Nd4 {[%clk 1:09:43]} Rac8 {[%clk 1:23:47]} 14. f3 {[%clk 0:57:50]} Qb8
{[%clk 1:18:11]} 15. Nd5 {[%clk 0:48:51]} Rfe8 {[%clk 1:17:16]} 16. b4 {[%clk
0:48:00]} Nd7 {[%clk 1:08:19]} 17. Rfd1 {[%clk 0:41:05]} e6 {[%clk 0:59:13]}
18. Nxc6 {[%clk 0:40:36]} Rxc6 {[%clk 0:53:31]} 19. Nc3 {[%clk 0:26:57]} Ne5
{[%clk 0:46:42]} 20. Nb5 {[%clk 0:25:28]} f5 {[%clk 0:26:48]} 21. Nxd6 {[%clk
0:21:29]} Rd8 {[%clk 0:25:42]} 22. c5 {[%clk 0:21:51]} bxc5 {[%clk 0:25:56]}
23. bxc5 {[%clk 0:21:31]} Nf7 {[%clk 0:25:25]} 24. Qb4 {[%clk 0:20:45]} Nxd6
{[%clk 0:24:47]} 25. cxd6 {[%clk 0:20:29]} Rxc1 {[%clk 0:20:22]} 26. Rxc1
{[%clk 0:19:08]} fxe4 {[%clk 0:18:38]} 27. Rb1 {[%clk 0:18:01]} exf3 {[%clk
0:17:12]} 28. Bxf3 {[%clk 0:17:50]} Qxd6 {[%clk 0:17:05]} 29. Qxd6 {[%clk
0:17:31]} Rxd6 {[%clk 0:17:30]} 30. Rxb7 {[%clk 0:17:44]} Rd3 {[%clk 0:17:35]}
31. Kf2 {[%clk 0:16:05]} Bf8 {[%clk 0:17:59]} 32. Be2 {[%clk 0:15:13]} Ra3
{[%clk 0:18:21]} 33. Bc4 {[%clk 0:15:27]} 1-0

[Event "ODJM A 2022"]
[Site "Willingen GER"]
[Date "2022.06.09"]
[Round "7"]
[White "Sabirov, Ramil"]
[Black "Reimer, Philip"]
[Result "1-0"]
[Termination "normal"]
[Board "8"]
[WhiteElo "2124"]
[BlackElo "1977"]
[WhiteClock "00:33:06"]
[BlackClock "00:13:23"]
[PlyCount "63"]
[WhiteFideId "12900303"]
[BlackFideId "16235860"]
[EventCountry "GER"]
[EventRounds "9"]
[EventType "swiss"]
[EventDate "2022.06.04"]

1. e4 {[%clk 1:30:56]} c5 {[%clk 1:30:45]} 2. Nc3 {[%clk 1:31:18]} Nc6 {[%clk
1:30:45]} 3. Bb5 {[%clk 1:30:49]} Nd4 {[%clk 1:30:14]} 4. Bc4 {[%clk 1:30:41]}
e6 {[%clk 1:28:42]} 5. Nge2 {[%clk 1:30:21]} Ne7 {[%clk 1:27:45]} 6. O-O {[%clk
1:28:03]} Nec6 {[%clk 1:24:22]} 7. d3 {[%clk 1:27:34]} a6 {[%clk 1:24:03]} 8.
a4 {[%clk 1:22:48]} Rb8 {[%clk 1:24:28]} 9. Nxd4 {[%clk 1:21:41]} cxd4 {[%clk
1:23:07]} 10. Ne2 {[%clk 1:21:57]} b5 {[%clk 1:21:57]} 11. axb5 {[%clk
1:22:23]} axb5 {[%clk 1:22:22]} 12. Bb3 {[%clk 1:22:07]} Be7 {[%clk 1:17:31]}
13. f4 {[%clk 1:19:05]} Qb6 {[%clk 0:53:44]} 14. Qe1 {[%clk 1:17:55]} Bb7
{[%clk 0:50:17]} 15. Qg3 {[%clk 1:14:14]} O-O {[%clk 0:34:30]} 16. f5 {[%clk
1:13:25]} Kh8 {[%clk 0:34:54]} 17. Nf4 {[%clk 0:55:28]} Qc5 {[%clk 0:25:23]}
18. Qh3 {[%clk 0:50:53]} exf5 {[%clk 0:22:59]} 19. exf5 {[%clk 0:45:44]} Nb4
{[%clk 0:19:50]} 20. Bd2 {[%clk 0:42:27]} Nd5 {[%clk 0:19:51]} 21. Ng6+ {[%clk
0:40:06]} Kg8 {[%clk 0:16:33]} 22. Bxd5 {[%clk 0:38:55]} Bxd5 {[%clk 0:16:03]}
23. b4 {[%clk 0:38:26]} Qd6 {[%clk 0:15:23]} 24. Bf4 {[%clk 0:38:20]} Qxb4
{[%clk 0:15:22]} 25. Nxe7+ {[%clk 0:35:56]} Qxe7 {[%clk 0:15:45]} 26. f6 {[%clk
0:34:34]} Qd8 {[%clk 0:13:14]} 27. Qg3 {[%clk 0:31:30]} g6 {[%clk 0:12:59]} 28.
Bxb8 {[%clk 0:31:50]} Qxb8 {[%clk 0:13:17]} 29. Qg5 {[%clk 0:32:10]} Qa8 {[%clk
0:12:33]} 30. Rxa8 {[%clk 0:32:17]} Bxa8 {[%clk 0:12:54]} 31. Qh6 {[%clk
0:32:42]} Bb7 {[%clk 0:13:23]} 32. Qg7# {[%clk 0:33:06]} 1-0

[Event "ODJM A 2022"]
[Site "Willingen GER"]
[Date "2022.06.09"]
[Round "7"]
[White "Dornieden, Jonas"]
[Black "Savchenko, Daniel"]
[Result "1/2-1/2"]
[Termination "normal"]
[Board "9"]
[WhiteElo "2069"]
[BlackElo "2134"]
[WhiteClock "00:02:20"]
[BlackClock "00:06:38"]
[PlyCount "77"]
[WhiteFideId "1336460"]
[BlackFideId "12919195"]
[EventCountry "GER"]
[EventRounds "9"]
[EventType "swiss"]
[EventDate "2022.06.04"]

1. d4 {[%clk 1:30:57]} d5 {[%clk 1:30:51]} 2. c4 {[%clk 1:31:22]} e6 {[%clk
1:31:14]} 3. Nc3 {[%clk 1:31:47]} Be7 {[%clk 1:31:36]} 4. cxd5 {[%clk 1:32:10]}
exd5 {[%clk 1:31:59]} 5. Bf4 {[%clk 1:32:16]} c6 {[%clk 1:31:57]} 6. e3 {[%clk
1:32:39]} Bf5 {[%clk 1:30:43]} 7. g4 {[%clk 1:29:19]} Bg6 {[%clk 1:26:30]} 8.
h4 {[%clk 1:29:40]} h5 {[%clk 1:23:22]} 9. g5 {[%clk 1:29:26]} Bd6 {[%clk
1:19:18]} 10. Nge2 {[%clk 1:28:30]} Na6 {[%clk 1:16:12]} 11. a3 {[%clk
1:17:45]} Ne7 {[%clk 1:10:09]} 12. Rc1 {[%clk 1:11:36]} Nc7 {[%clk 1:07:09]}
13. Bxd6 {[%clk 1:00:32]} Qxd6 {[%clk 1:06:46]} 14. Nf4 {[%clk 1:00:27]} Ne6
{[%clk 1:05:21]} 15. Nxg6 {[%clk 0:57:24]} fxg6 {[%clk 1:03:08]} 16. Bd3 {[%clk
0:51:35]} O-O {[%clk 1:00:21]} 17. Qd2 {[%clk 0:48:05]} Nf5 {[%clk 0:55:34]}
18. Ne2 {[%clk 0:44:50]} Rae8 {[%clk 0:50:33]} 19. Kd1 {[%clk 0:39:48]} c5
{[%clk 0:46:55]} 20. Bxf5 {[%clk 0:30:35]} gxf5 {[%clk 0:40:17]} 21. f4 {[%clk
0:29:35]} Rc8 {[%clk 0:37:36]} 22. Rc3 {[%clk 0:23:09]} g6 {[%clk 0:31:59]} 23.
Kc1 {[%clk 0:16:30]} cxd4 {[%clk 0:30:33]} 24. Nxd4 {[%clk 0:16:35]} Nc5 {[%clk
0:29:17]} 25. Qc2 {[%clk 0:15:53]} Qd7 {[%clk 0:28:44]} 26. Kb1 {[%clk
0:08:49]} Ne4 {[%clk 0:29:00]} 27. Rxc8 {[%clk 0:08:58]} Rxc8 {[%clk 0:29:25]}
28. Qg2 {[%clk 0:08:56]} Qc7 {[%clk 0:24:51]} 29. Rd1 {[%clk 0:07:03]} Qa5
{[%clk 0:24:35]} 30. Qe2 {[%clk 0:05:50]} a6 {[%clk 0:22:37]} 31. Qe1 {[%clk
0:05:18]} Qb6 {[%clk 0:20:30]} 32. Rc1 {[%clk 0:04:57]} Rc4 {[%clk 0:20:46]}
33. Nf3 {[%clk 0:04:06]} Nd6 {[%clk 0:14:23]} 34. Qd2 {[%clk 0:03:48]} Rxc1+
{[%clk 0:13:26]} 35. Kxc1 {[%clk 0:03:32]} Qc5+ {[%clk 0:13:42]} 36. Kb1 {[%clk
0:03:01]} Nc4 {[%clk 0:12:41]} 37. Qd4 {[%clk 0:01:39]} Qxd4 {[%clk 0:06:38]}
38. exd4 {[%clk 0:02:02]} Ne3 {[%clk 0:06:38]} 39. Ne1 {[%clk 0:02:20]} 1/2-1/2